現在の東京23区を構成する町村 - Statistics

General Stats
  • This quiz has been taken 59 times
  • The average score is 31 of 92
Answer Stats
現在 所属郡 町村名 消滅年月日 % Correct
渋谷区 渋谷町
80%
中野区 中野町
70%
練馬区 練馬町
68%
目黒区 目黒町
68%
板橋区 板橋町
66%
足立区 南足立郡 千住町
66%
淀橋町 1932-10-01
64%
大井町
64%
蒲田町
64%
王子町
61%
大田区 大森町
61%
荏原町
59%
金町
55%
葛西村 1932-10-01
55%
小岩町
55%
品川区 荏原郡 品川町
55%
羽田町
55%
砧村 1936-10-01
55%
新宿町
52%
高田町
50%
江東区 亀戸町
50%
落合町
48%
豊島区 北豊島郡 巣鴨町
48%
綾瀬村
45%
砂町
45%
大久保町
43%
杉並区 杉並町
43%
西巣鴨町
43%
北区 滝野川町
43%
志村
43%
大崎町
43%
千歳村
43%
高井戸町
41%
大島町
41%
三河島町
39%
日暮里町
39%
大泉村
39%
西新井町
39%
玉川村
39%
新宿区 豊多摩郡 内藤新宿町 1920-04-01
36%
長崎町
36%
荒川区 南千住町
36%
石神井村
36%
篠崎村
36%
瑞江村
34%
一之江村
34%
東調布町
34%
代々幡町
32%
井荻町
32%
平井村 1914-04-01
32%
平井村
32%
駒沢町
32%
野方町
30%
舎人村
30%
岩淵町
27%
尾久町
27%
梅島町
27%
池上町
27%
馬込町
25%
六郷町
25%
戸塚町
23%
江戸川区 小松川町
23%
水元村
20%
隅田町 1932-10-01
20%
世田谷区 世田ヶ谷町
20%
赤塚村
18%
葛飾区 南葛飾郡 本田町
18%
船堀村 1914-04-01
18%
千駄ヶ谷町
16%
上板橋村
16%
花畑村
16%
入新井町
16%
上練馬村
14%
江北村
14%
墨田区 寺島町
14%
吾嬬町
14%
碑衾町
14%
松沢村
14%
和田堀町
11%
南綾瀬町 1932-10-01
9%
亀青村
9%
矢口町
7%
伊興村
5%
奥戸町 1932-10-01
5%
瑞穂村 1913-01-01
5%
鹿本村
5%
中新井村
2%
大木村 1914-04-01
2%
松江町 1932-10-01
2%
大木村 1914-04-01
2%
渕江村
0%
東渕江村
0%
No matching quizzes found
Score Distribution
Percent of People with Each Score
Percentile by Number Answered
Your Score History
You have not taken this quiz